000 00311nam a2200133Ia 4500
008 220613s9999||||xx |||||||||||||| ||und||
100 _aCarole Lium Edelman
245 0 _aHealth Promotion Throughout The Life Span
250 _a3rd (1994)
260 _bMOSBY
300 _a684
650 _aSPM
942 _cPARAC
999 _c4858
_d4858